000 01238nam2a22002771 4500
001 v19\rc\1834804
005 20250619141508.0
035 _a(NLR Aleph) 004929611
090 _a5665358
_c5665358
100 _a20071224d1912 |||y0rusy50 ca
101 0 _arus
102 _aRU
105 _aa z |||||
200 0 _aТ. 4
210 _d1912
_aБ. м.
215 _a[2], 192 с., 1 л. табл.
_cил.
461 0 _1001v19\rc\1834800
_12001#$aТехнический анализ$e[Обзор статей иностр. журн. по техн. анализу]. Т. 1-$fИнж.-технолог Л.К. Лейхман$vТ. 4
_1700#1$aЛейхман$bЛ.К.$f1874-$gЛеонид Карлович
_95665319
_aЛейхман, Л.К. (1874-)
_cСанкт-Петербург
_d1908-1917
_fИнж.-технолог Л.К. Лейхман
_nтип. Акинфиева
_o[Обзор статей иностр. журн. по техн. анализу]. Т. 1-
_p9 т.
_tТехнический анализ
_vТ. 4
801 0 _aRU
_bNLR
_gpsbo
801 0 _aRU
_bRuMoRGB
_2psbo
801 1 _aRU
_bProSoft-M
_2rusmarc
852 _aNLR
_j20.72.3.34
899 _aRuMoRGB
_jW 282/487
899 _aБАН
899 _aНБ СПбГУ
942 _cBOOK
980 _aNB